| 000 | 01481nam a22003977a 4500 | ||
|---|---|---|---|
| 003 | CHAP | ||
| 005 | 20220811182234.0 | ||
| 008 | 270812s2012 mx r 00010 spa d | ||
| 010 | _a103755 | ||
| 011 | _a104727 | ||
| 035 | _a115417 | ||
| 040 | _cCHAP | ||
| 090 | _aTesis | ||
| 100 | 1 |
_aCleofas Hernández, Selene Carolina _923786 |
|
| 245 | 1 | 0 |
_aElaboración de queso asadero por acidulación _h[En línea] _c/por Selene Carolina Cleofas Hernández |
| 260 |
_aChapingo, Méx. : _bEl autor, _c2012 |
||
| 500 | _aPara ver el contenido del material haga clic en la liga | ||
| 502 | _aTesis (Ing. Agroindustrial) -- UACH. Departamento de Ingeniería Industrial | ||
| 590 |
_aALEPH _b10 _c20130110 _lUCH01 _h1546 |
||
| 590 |
_aBATCH-UPD _b10 _c20130110 _lUCH01 _h0944 |
||
| 590 |
_aBATCH-UPD _b10 _c20130410 _lUCH01 _h0600 |
||
| 590 |
_aBATCH-UPD _b10 _c20130913 _lUCH01 _h1909 |
||
| 590 |
_aBATCH-UPD _b10 _c20140324 _lUCH01 _h1532 |
||
| 590 |
_aBATCH-UPD _b10 _c20141002 _lUCH01 _h0854 |
||
| 590 |
_aBATCH _b00 _c20181121 _lUCH01 _h0759 |
||
| 590 |
_aCONVERSION _b10 _c20130109 _lUCH01 _h1357 |
||
| 650 | 0 | 4 |
_aAcido láctico. _9592 |
| 650 | 0 | 4 |
_aQueso asadero. _993238 |
| 650 | 0 | 4 |
_aQueso _xProcesado. _993233 |
| 856 |
_3Finding aid _uhttp://10.13.5.2/tesis/115417.pdf _zTeclea aqui |
||
| 856 |
_a1 _n0001646 |
||
| 901 | _aBK | ||
| 942 | _cFOLL | ||
| 949 |
_aTesis _bBC _cTES _d33724002342040 _eTS1 _h53828 _i115417 _st |
||
| 949 |
_aTesis _bBC _cTES _d33724002342082 _eTS2 _fc.2 _h53829 _i115417 _st |
||
| 999 |
_c103755 _d103755 |
||